Richest Metro Areas in the U.S. - Statistics

General Stats
  • This quiz has been taken 44,160 times
    15,716 since last reset
  • The average score is 14 of 20
Answer Stats
$ Metro Area % Correct
99,852 New York City
99%
96,405 Los Angeles
97%
135,590 San Francisco
94%
117,825 Boston
88%
92,733 Dallas
87%
112,388 Seattle
87%
126,244 Washington, DC
83%
109,132 San Diego
81%
98,994 Portland
74%
99,897 Austin
71%
108,046 Denver
71%
92,344 Atlanta
68%
164,801 San Jose
68%
98,666 Baltimore
60%
97,928 Minneapolis
56%
98,775 Sacramento
56%
100,548 Salt Lake City
49%
102,144 Raleigh
38%
94,419 Hartford
28%
91,013 Riverside
24%
No matching quizzes found
Score Distribution
Percent of People with Each Score
Percentile by Number Answered
Your Score History
You have not taken this quiz since the last reset